| 000 | 01124nam a2200277 4500 | ||
|---|---|---|---|
| 001 | 0000014047 | ||
| 003 | CO-CtgCURN | ||
| 005 | 20250509233135.0 | ||
| 007 | ta | ||
| 008 | 160627s2000 000 0 eng d | ||
| 020 | _a9586532496 | ||
| 040 |
_aCO-CtgCURN _bspa _ccoctgcurn |
||
| 082 | 0 |
_a342.06 _bO77d |
|
| 100 | 1 | _aOssa Arbelaez, Jaime. | |
| 245 | 1 | 0 |
_aDerecho administrativo sancionador : _bhacia una teoria general y una aproximacion para su autonomia / _cJaime Ossa Arbelaez. |
| 260 |
_aBogotá : _bLegis, _c2000. |
||
| 300 | _axiv, 699 p. | ||
| 336 | _2rdacontent | ||
| 337 |
_2rdamedia _asin mediacion _bn |
||
| 338 |
_2rdacarrier _avolumen _bnc |
||
| 505 | 8 | _aDe la Administración publica.--Del estado social del derecho.--De la funcion publica.--De los servidores publicos.--De las potestades publica.--Del control de la actividad administrativa discrecional.--De la potestad sancionadora de la admi nistracion en particular | |
| 650 | 1 | 4 | _aDerecho administrativo. |
| 908 | _a160627 | ||
| 942 |
_cBK _h342.06 _iO77d _2ddc _n0 |
||
| 999 |
_c19075 _d19075 |
||